Nyílt nap az SZTE ÁJTK-n szakos tájékoztatók és minikurzusok középiskolásoknak

Elmentve itt :
Bibliográfiai részletek
Dokumentumtípus: Cikk
Megjelent: 2025-12-08
Sorozat:SZTE Info
Kulcsszavak:Állam- és Jogtudományi Kar - ÁJTK, Rendezvény - kari nyílt nap, Görög Márta - dékán, Középiskolai diákok, Pályaválasztás, Továbbtanulás
Online Access:http://univ.bibl.u-szeged.hu/76277
LEADER 00860nab a2200157 i 4500
001 univ76277
005 20251209113027.0
008 251209s2025 hu o 000 hun d
040 |a SZTE UnivHistória Repozitórium  |b hun 
041 |a hun 
245 0 0 |a Nyílt nap az SZTE ÁJTK-n   |h [elektronikus dokumentum] :  |b szakos tájékoztatók és minikurzusok középiskolásoknak 
260 |c 2025-12-08 
490 0 |a SZTE Info 
561 |a Egyetemi hirarchívum 
695 |a Állam- és Jogtudományi Kar - ÁJTK, Rendezvény - kari nyílt nap, Görög Márta - dékán, Középiskolai diákok, Pályaválasztás, Továbbtanulás 
856 4 0 |u http://univ.bibl.u-szeged.hu/76277/1/Szegedi%20Tudom%C3%A1nyegyetem%20_%20Ny%C3%ADlt%20nap%20az%20SZTE%20%C3%81JTK-n_%20szakos%20t%C3%A1j%C3%A9koztat%C3%B3k%20%C3%A9s%20minikurzusok%20k%C3%B6z%C3%A9piskol%C3%A1soknak.pdf  |z Dokumentum-elérés